[Event "Heusenstamm Sparkassen op U14 9th"]
[Site "Heusenstamm"]
[Date "2023.11.26"]
[Round "7"]
[White "Dorfner, Georg"]
[Black "Schmidt, Merle"]
[Result "1/2-1/2"]
[WhiteElo "1084"]
[BlackElo "936"]
[PlyCount "61"]
[EventDate "2023.11.24"]
[EventType "swiss"]
[EventRounds "7"]
[EventCountry "GER"]
[SourceTitle "EXT 2025"]
[Source "ChessBase"]
[SourceDate "2024.10.14"]
[SourceVersion "1"]
[SourceVersionDate "2024.10.14"]
[SourceQuality "1"]

1. e4 c5 2. Nf3 d6 3. d4 cxd4 4. Nxd4 Nf6 5. Nc3 g6 6. Be3 Bg7 7. Qd2 0-0 8. Bh6 Nc6 9. Nxc6 bxc6 10. Bxg7 Kxg7 11. Bc4 Nxe4 12. Nxe4 d5 13. Bxd5 cxd5 14. Nc5 Bf5 15. 0-0 Rb8 16. Qd4+ Kg8 17. c3 Qd6 18. Nb3 Rb6 19. Rad1 Rd8 20. Qe3 Bc2 21. Rd2 Bxb3 22. axb3 Rxb3 23. Qxa7 Qd7 24. Qxd7 Rxd7 25. c4 e6 26. cxd5 Rxd5 27. Rxd5 exd5 28. Rb1 d4 29. h3 d3 30. Rd1 Rxb2 31. Rxd3 1/2-1/2

[Event "Heusenstamm Sparkassen op U14 9th"]
[Site "Heusenstamm"]
[Date "2023.11.26"]
[Round "5"]
[White "Giegerich, Lenn Valentin"]
[Black "Schmidt, Merle"]
[Result "0-1"]
[WhiteElo "1064"]
[BlackElo "936"]
[PlyCount "76"]
[EventDate "2023.11.24"]
[EventType "swiss"]
[EventRounds "7"]
[EventCountry "GER"]
[SourceTitle "EXT 2025"]
[Source "ChessBase"]
[SourceDate "2024.10.14"]
[SourceVersion "1"]
[SourceVersionDate "2024.10.14"]
[SourceQuality "1"]

1. e4 c5 2. d4 cxd4 3. c3 d6 4. cxd4 g6 5. Nc3 Bg7 6. Nf3 Nf6 7. Bc4 0-0 8. Bf4 Nc6 9. 0-0 Bg4 10. h3 Bxf3 11. Qxf3 Nxd4 12. Qd3 Nc6 13. Rfe1 Nh5 14. Bh2 Qb6 15. Rab1 Ne5 16. Bxe5 Bxe5 17. Nd5 Qd8 18. Qb3 b6 19. Re3 e6 20. Nb4 Qd7 21. Rd1 b5 22. Be2 Nf4 23. Bf1 a6 24. g3 Nh5 25. Nd3 Qa7 26. Nxe5 dxe5 27. Be2 Nf6 28. Qc3 Qb8 29. Red3 Nxe4 30. Qc2 Qa7 31. Bf3 Rac8 32. Qe2 Nxg3 33. Qxe5 Nf5 34. Ra3 Rc2 35. b3 Qxf2+ 36. Kh1 Qxf3+ 37. Kg1 Qf2+ 38. Kh1 Qg2# 0-1

[Event "GER-chT U20 Girls"]
[Site "Willingen"]
[Date "2021.06.25"]
[Round "4.4"]
[White "Schmidt, Merle"]
[Black "Alscher, Anouk"]
[Result "0-1"]
[WhiteElo "1199"]
[BlackElo "1100"]
[PlyCount "130"]
[EventDate "2021.06.23"]
[EventType "team-swiss"]
[EventRounds "7"]
[EventCountry "GER"]
[SourceTitle "CBM 203 Extra"]
[Source "ChessBase"]
[SourceDate "2021.09.30"]
[SourceVersion "1"]
[SourceVersionDate "2021.09.30"]
[SourceQuality "1"]
[WhiteTeam "Langen"]
[BlackTeam "Luebeck"]
[WhiteTeamCountry "GER"]
[BlackTeamCountry "GER"]

1. c4 e5 2. Nc3 g6 3. Nf3 Bg7 4. g3 d6 5. Bg2 Nc6 6. 0-0 Nf6 7. e4 0-0 8. d3 Bg4 9. Bg5 Nd4 10. Nd5 Nxf3+ 11. Bxf3 Be6 12. Nxf6+ Bxf6 13. Bh6 Re8 14. Bg4 Bg5 15. Bxg5 Qxg5 16. Bxe6 Rxe6 17. f4 exf4 18. Rxf4 Qc5+ 19. Kg2 c6 20. Qf3 Rf8 21. Rf1 Re7 22. b3 a5 23. Rf2 b5 24. h4 Qh5 25. Qxh5 gxh5 26. Rf6 Rd8 27. Rh6 Re5 28. Rff6 d5 29. Rxc6 dxe4 30. dxe4 Rd2+ 31. Kf3 bxc4 32. bxc4 f5 33. Rxh5 fxe4+ 34. Ke3 Rd3+ 35. Kf4 Rxh5 36. Kxe4 Rxg3 37. a4 Rxh4+ 38. Kd5 Rg5+ 39. Kd6 Rh6+ 40. Kc7 Rxc6+ 41. Kxc6 h5 42. c5 Rxc5+ 43. Kxc5 h4 44. Kb5 h3 45. Kxa5 h2 46. Kb6 h1Q 47. a5 Qa8 48. a6 Kf7 49. a7 Ke7 50. Ka6 Kd7 51. Kb6 Kc8 52. Ka6 Qb7+ 53. Ka5 Qxa7+ 54. Kb5 Qc7 55. Kb4 Qc6 56. Kb3 Qc5 57. Kb2 Qc4 58. Kb1 Qe2 59. Kc1 Kc7 60. Kb1 Qd2 61. Ka1 Kb6 62. Kb1 Kb5 63. Ka1 Kb4 64. Kb1 Kb3 65. Ka1 Qa2# 0-1

[Event "Heusenstamm Sparkassen op U14 4th"]
[Site "Heusenstamm"]
[Date "2017.11.26"]
[Round "4"]
[White "Schmidt, Merle"]
[Black "Hain, Julian"]
[Result "1-0"]
[WhiteElo "936"]
[BlackElo "777"]
[PlyCount "63"]
[EventDate "2017.11.24"]
[EventType "swiss"]
[EventRounds "5"]
[EventCountry "GER"]
[SourceTitle "EXT 2019"]
[Source "ChessBase"]
[SourceDate "2018.10.10"]
[SourceVersion "1"]
[SourceVersionDate "2018.10.10"]
[SourceQuality "1"]

1. e4 e5 2. Nf3 Nc6 3. Bc4 Bc5 4. Nc3 d6 5. d3 Nd4 6. Bg5 f6 7. Be3 Bg4 8. Bxd4 Bxd4 9. 0-0 Ne7 10. Qe2 Ng6 11. g3 Ne7 12. Rad1 Nc6 13. Bd5 Rb8 14. Bxc6+ bxc6 15. Rb1 0-0 16. Nd1 Rb4 17. Ne3 Bh5 18. g4 Bxe3 19. gxh5 Bf4 20. c3 Ra4 21. b3 Ra5 22. b4 Ra3 23. Qb2 Ra4 24. Kh1 Qe8 25. Rg1 Qxh5 26. Qe2 Rxa2 27. Qxa2+ Rf7 28. Qe2 f5 29. Rg2 Rf6 30. Rbg1 fxe4 31. Rxg7+ Kh8 32. Rg8# 1-0